000 01240 a2200217 4500
005 2008090304504.0
008 080903t xxu||||| |||| 00| 0 hin d
010 _aHIN-78915
020 _c200.00
_a8190266950
035 _aHN-51261
037 _bD.B.Act / pub
082 _a133.5
100 _aशर्मा, दीपचंद
245 _aमुहुर्तदीपचन्द्रिका
_b77 वर्ष पुरानी संस्कृत भाषा की पाण्डुलिपि हिन्दी अनुवाद के साथ
_cदीपचंद शर्मा
246 _aMuhurtdeep Chandrika
_bDeepchand Sharma
260 _aदिल्ली
_bज्ञानोदय
_c2005
270 _a1/6281,गली नं.3,पूर्वी रोहताश नगर,शाहदरा
_bदिल्ली
_e110032
_k27420386
300 _a152पृ
_c22 सेमी (सजिल्द)
942 _adpl
_cHN
_k133.5 / शर्मादी
_2ddc
_h133.5
_mशर्मादी
999 _c995
_d995